Kyū-gensoku to keizai antei /
Saved in:
| Main Author: | |
|---|---|
| Format: | Book |
| Language: | Japanese |
| Published: |
Tōkyō :
Rōdō bunkasha,
1949.
|
| Subjects: | |
| Tags: |
Add Tag
No Tags, Be the first to tag this record!
|
| LEADER | 00925nam a2200277 a 4500 | ||
|---|---|---|---|
| 001 | 007767657-2 | ||
| 005 | 20024617122053.0 | ||
| 008 | 960227s1949 ja 000 0 jpn d | ||
| 035 | 0 | |a ocm34370616 | |
| 035 | 0 | |a ocm34370616 |z ocm33650358 | |
| 040 | |a UPB |c UPB |d *YNH* |d CStRLIN | ||
| 043 | |a a-ja--- | ||
| 050 | 1 | 4 | |a HC462.9 |b .Y659 |
| 100 | 1 | |6 880-01 |a Yoshino, Toshihiko. | |
| 245 | 1 | 0 | |6 880-02 |a Kyū-gensoku to keizai antei / |c Yoshino Toshihiko cho. |
| 260 | |6 880-03 |a Tōkyō : |b Rōdō bunkasha, |c 1949. | ||
| 300 | |a 4, 4, 148 p. ; |c 19 cm. | ||
| 505 | 2 | |6 880-04 |a "Dorēpā hōkoku": p. 95-145. | |
| 650 | 0 | |a Fiscal policy |z Japan. | |
| 651 | 0 | |a Japan |x Economic policy |y 1945- | |
| 880 | 1 | |6 100-01 |a 吉野俊彦. | |
| 880 | 1 | 0 | |6 245-02 |a 九原則と経済安 / |c 吉野俊彦著. |
| 880 | |6 260-03 |a 東京 : |b 労仂文化社, |c 1949. | ||
| 880 | 2 | |6 505-04 |a "ドレーパー報告": p. 95-145. | |
| 988 | |a 20021220 | ||
| 906 | |0 OCLC | ||


